| 000 | 00703nam a22002657a 4500 | ||
|---|---|---|---|
| 001 | 0122 | ||
| 003 | DO-SdBNP | ||
| 005 | 20171212152428.0 | ||
| 007 | 0122 | ||
| 008 | 151005b19uu sp 00| 0 spa d | ||
| 040 |
_aBPMSU _bspa _cBPMSU |
||
| 092 |
_aXXXX _bXXXX |
||
| 100 | 1 | _aScott, Walter | |
| 245 | 1 | 3 |
_aAventuras del joven Waverley / _cWalter Scott ; traducción Luis Solano Costa |
| 260 |
_aBarcelona : _bMateu, _c[19--]. |
||
| 300 |
_a272 p. : _c20 cm. |
||
| 490 | 1 | _aCadete | |
| 500 | _aColección juvenil | ||
| 700 | 1 |
_aSolano Costa, Luis _etrad. |
|
| 830 | 0 | _aCadete | |
| 910 | _a202 | ||
| 942 |
_2ddc _cBK |
||
| 945 | _aInventariado extranjero 2017 / YL | ||
| 956 |
_aYLOCKWARD _b10 _c20171212 _dBPMSU |
||
| 999 |
_c8688 _d8688 |
||